[Event "23rd Abu Dhabi Masters"]
[Site "Abu Dhabi UAE"]
[Date "2016.08.22"]
[Round "2.16"]
[White "Demchenko, Anton"]
[Black "Vignesh, N R"]
[Result "1-0"]
[WhiteTitle "GM"]
[BlackTitle "IM"]
[WhiteElo "2600"]
[BlackElo "2423"]
[WhiteFideId "4160258"]
[BlackFideId "25012215"]
[EventDate "2016.08.21"]

1. e4 e5 2. Nf3 Nc6 3. Bc4 Bc5 4. d3 Nf6 5. O-O a6 6. a4 d6 7. Bg5 h6 8. Bh4 g5
9. Bg3 Bg4 10. c3 Nh5 11. Kh1 Qf6 12. Nbd2 O-O 13. h3 Bd7 14. Nh2 Qg6 15. Ng4
Kh8 16. b4 Bb6 17. a5 Ba7 18. b5 axb5 19. Bxb5 Nf4 20. Nc4 Nb8 21. Bxd7 Nxd7 22.
Nge3 Nc5 23. Bxf4 gxf4 24. Nf5 Rae8 25. g4 Qe6 26. Qf3 Rd8 27. Rae1 Na4 28. Rb1
Nc5 29. Rfe1 Rfe8 30. Nd2 Qf6 31. d4 exd4 32. cxd4 Ne6 33. e5 dxe5 34. dxe5 Qg6
35. Ne4 Bd4 36. Rxb7 Bxe5 37. Rbb1 c5 38. Rb6 c4 39. Nc5 Nxc5 40. Rxg6 fxg6 41.
Qc6 gxf5 42. Rxe5 Rxe5 43. Qxh6+ Kg8 44. Qg6+ Kh8 45. Qf6+ Kh7 46. Qxe5 Rd1+ 47.
Kh2 Nd3 48. Qc7+ Kg6 49. Qxc4 Nxf2 50. Qxf4 Nd3 51. Qxf5+ Kg7 52. Qg5+ Kf7 53.
a6 Ne1 54. Qf4+ Kg7 55. a7 Rd2+ 56. Qxd2 1-0

[Event "23rd Abu Dhabi Masters"]
[Site "Abu Dhabi UAE"]
[Date "2016.08.22"]
[Round "2.17"]
[White "Mohammad, Nubairshah Shaikh"]
[Black "Bortnyk, Olexandr"]
[Result "1/2-1/2"]
[BlackTitle "GM"]
[WhiteElo "2415"]
[BlackElo "2588"]
[WhiteFideId "5053196"]
[BlackFideId "14120828"]
[EventDate "2016.08.21"]

1. c4 b6 2. d4 e6 3. e4 Bb7 4. Bd3 f5 5. exf5 Bb4+ 6. Kf1 Nf6 7. c5 bxc5 8. a3
c4 9. Bxc4 Be7 10. Bd3 Bb4 11. Bc4 Be7 12. fxe6 d5 13. Bd3 O-O 14. Nc3 c5 15.
Nf3 Nc6 16. dxc5 Bxc5 17. Bg5 h6 18. Bh4 g5 19. Bg3 Qe7 20. b4 Bb6 21. Na4 Ne4
22. Nxb6 axb6 23. b5 Nd8 24. Nd4 Nxe6 25. Bxe4 dxe4 26. Qb3 Rf6 27. h4 Qd7 28.
Nxe6 Rxe6 29. hxg5 Bd5 30. Qe3 Qxb5+ 31. Kg1 Qb2 32. Rc1 Qxa3 33. Rc8+ Kh7 34.
Rc7+ Kg8 35. Qxa3 Rxa3 36. Rxh6 e3 37. Rc8+ Kg7 38. Rc7+ Kg8 39. Rxe6 Bxe6 40.
fxe3 Rxe3 41. Bf2 Re5 42. Bxb6 Rxg5 43. Kf2 Rf5+ 44. Ke3 Rg5 45. Kf2 Rf5+ 46.
Kg3 Rg5+ 47. Kf2 1/2-1/2

[Event "23rd Abu Dhabi Masters"]
[Site "Abu Dhabi UAE"]
[Date "2016.08.22"]
[Round "2.18"]
[White "Pascua, Haridas"]
[Black "Lalith, Babu M R"]
[Result "1/2-1/2"]
[WhiteTitle "IM"]
[BlackTitle "GM"]
[WhiteElo "2404"]
[BlackElo "2575"]
[WhiteFideId "5203953"]
[BlackFideId "5024595"]
[EventDate "2016.08.21"]

1. d4 Nf6 2. c4 e6 3. g3 d5 4. Bg2 Bb4+ 5. Nd2 O-O 6. Nf3 b6 7. O-O Bb7 8. e3
Nbd7 9. b3 Qe7 10. Bb2 Rfd8 11. a3 Bd6 12. Re1 c5 13. cxd5 exd5 14. Nh4 Qe6 15.
dxc5 bxc5 16. Qc2 Ne4 17. Nhf3 Ndf6 18. Bxf6 Nxf6 19. e4 Nxe4 20. Nxe4 dxe4 21.
Ng5 Qh6 22. Nxe4 Bxe4 23. Bxe4 Rac8 24. Rad1 Bf8 25. a4 Qh5 26. Kg2 g6 27. Bf3
Qg5 28. Rxd8 Rxd8 29. Rd1 Rd4 30. Rxd4 cxd4 31. Qc4 Qc5 1/2-1/2

[Event "23rd Abu Dhabi Masters"]
[Site "Abu Dhabi UAE"]
[Date "2016.08.22"]
[Round "2.19"]
[White "Sengupta, Deep"]
[Black "Karavade, Eesha"]
[Result "1-0"]
[WhiteTitle "GM"]
[BlackTitle "IM"]
[WhiteElo "2571"]
[BlackElo "2415"]
[WhiteFideId "5008352"]
[BlackFideId "5012600"]
[EventDate "2016.08.21"]

1. e4 e5 2. Nf3 Nc6 3. Nc3 Nf6 4. Bb5 Nd4 5. Ba4 Bc5 6. Nxe5 O-O 7. Nd3 Bb6 8.
e5 c6 9. O-O Ne8 10. Ne2 Qh4 11. Nxd4 Qxd4 12. Bb3 c5 13. Ne1 Qxe5 14. Nf3 Qh5
15. d4 d6 16. Bg5 cxd4 17. Be7 Bg4 18. Bxf8 Kxf8 19. Qd3 Bxf3 20. Qxf3 Qxf3 21.
gxf3 Nf6 22. Rfe1 Rc8 23. Re2 Rc7 24. Rae1 Ba5 25. Rd1 Bb6 26. Kf1 g6 27. c3
dxc3 28. Rxd6 cxb2 29. Rxb2 Kg7 30. Rd1 Bc5 31. Rbd2 Re7 32. Rd8 b6 33. Ra8 Rc7
34. Rdd8 Re7 35. Rac8 Bb4 36. Rd1 Bc5 37. Ba4 Bb4 38. Bb5 Re5 39. Bc4 Re7 40. a4
Ne8 41. Rcd8 Nf6 42. Ba6 Re5 43. Ra8 Re7 44. Rc8 Nh5 45. Rcd8 Nf6 46. Rb8 Rc7
47. Rc8 Re7 48. Bb5 Nh5 49. Rc4 a5 50. Re4 Rc7 51. Rc4 Re7 52. Rc6 Bc5 53. Re1
Rxe1+ 54. Kxe1 Nf6 55. Rc7 Nd5 56. Rb7 Ne7 57. Bc4 g5 58. Ke2 f5 59. Bb5 h5 60.
Be8 h4 61. h3 Kf6 62. f4 g4 63. hxg4 fxg4 64. Bd7 Nf5 65. Kf1 h3 66. Rc7 h2 67.
Kg2 h1=Q+ 68. Kxh1 Ne7 69. Bxg4 Bxf2 70. Kg2 Bc5 71. Kf3 Bd6 72. Rd7 Bc5 73. Ke4
Nc6 74. Rd2 Ne7 75. Bd7 Ng6 76. Be8 Ne7 77. Rg2 Nc8 78. Rg6+ Ke7 79. Bc6 Nd6+
80. Kd5 Nf5 81. Ke5 Nd6 82. Re6+ 1-0

[Event "23rd Abu Dhabi Masters"]
[Site "Abu Dhabi UAE"]
[Date "2016.08.22"]
[Round "2.20"]
[White "Krishna, C R G"]
[Black "Antipov, Mikhail Al."]
[Result "0-1"]
[WhiteTitle "IM"]
[BlackTitle "GM"]
[WhiteElo "2401"]
[BlackElo "2565"]
[WhiteFideId "5018625"]
[BlackFideId "4107012"]
[EventDate "2016.08.21"]

1. Nf3 c5 2. c4 Nf6 3. g3 Nc6 4. d4 cxd4 5. Nxd4 Qb6 6. Nc2 Ne5 7. Bg2 Nxc4 8.
O-O g6 9. b3 Na5 10. Be3 Qd8 11. Qd2 Bg7 12. Nc3 O-O 13. Rac1 d6 14. Rfd1 Bd7
15. Na3 Bc6 16. Bh3 Bd7 17. Bg2 Nc6 18. Nc4 Be6 19. Bg5 Qd7 20. Qf4 Ng4 21. h3
Nge5 22. Nxe5 Nxe5 23. Qh4 Rfe8 24. Nd5 Bxd5 25. Bxd5 e6 26. Bg2 Rac8 27. Bf6
Rxc1 28. Rxc1 Bxf6 29. Qxf6 Rc8 30. Rd1 Qc7 31. Rd4 d5 32. Rf4 Nc6 33. h4 Qe7
34. Qc3 Qd6 35. Qf6 Rc7 36. h5 Qe5 37. hxg6 hxg6 38. Qh4 Qxe2 0-1

[Event "23rd Abu Dhabi Masters"]
[Site "Abu Dhabi UAE"]
[Date "2016.08.22"]
[Round "2.21"]
[White "Girish, A. Koushik"]
[Black "Vaibhav, Suri"]
[Result "1-0"]
[WhiteTitle "IM"]
[BlackTitle "GM"]
[WhiteElo "2399"]
[BlackElo "2556"]
[WhiteFideId "5038448"]
[BlackFideId "5045185"]
[EventDate "2016.08.21"]

1. d4 Nf6 2. Bg5 e6 3. Nd2 c5 4. e3 Nc6 5. c3 cxd4 6. exd4 Be7 7. Ngf3 b6 8. Bd3
Bb7 9. O-O O-O 10. Bxf6 Bxf6 11. Ne4 Be7 12. Ng3 d5 13. Qe2 a6 14. a4 Qc7 15.
Rae1 g6 16. h4 Qf4 17. h5 Kg7 18. Qc2 Bd6 19. Re3 Qf6 20. Nh2 Bf4 21. Rf3 e5 22.
Ne2 Bxh2+ 23. Kxh2 Qg5 24. Rg3 Qxh5+ 25. Rh3 Qg4 26. Qd2 h5 27. f3 Qd7 28. Ng3
Rh8 29. Qg5 Kf8 30. Qf6 Rg8 31. dxe5 Qe7 32. Qxe7+ Kxe7 33. f4 Bc8 34. Rh4 Bg4
35. Be2 Bxe2 36. Nxe2 b5 37. axb5 axb5 38. Rh3 Ra2 39. Rb1 Rga8 40. Rd3 Ke6 41.
Kg3 R8a4 42. Kf3 h4 43. Rbd1 Rxb2 44. Rxd5 Ke7 45. Rd7+ Ke8 46. Rc7 Rc4 47. Rdd7
g5 48. e6 fxe6 49. Rh7 Kd8 50. Rcg7 Kc8 51. Rg8+ Nd8 52. Rhh8 Rd2 53. Nd4 Rxc3+
54. Ke4 1-0

[Event "23rd Abu Dhabi Masters"]
[Site "Abu Dhabi UAE"]
[Date "2016.08.22"]
[Round "2.22"]
[White "Predke, Alexandr"]
[Black "Derakhshani, Dorsa"]
[Result "1-0"]
[WhiteTitle "GM"]
[BlackTitle "WIM"]
[WhiteElo "2553"]
[BlackElo "2405"]
[WhiteFideId "24107581"]
[BlackFideId "12500330"]
[EventDate "2016.08.21"]

1. e4 e5 2. Nf3 Nc6 3. d4 exd4 4. Nxd4 g6 5. Nc3 Bg7 6. Be3 Nf6 7. Qd2 O-O 8.
O-O-O Re8 9. f3 d5 10. Nxc6 bxc6 11. Bh6 Bxh6 12. Qxh6 Qe7 13. exd5 cxd5 14. Bb5
Rd8 15. Bc6 Rb8 16. Bxd5 Rd6 17. Rhe1 Be6 18. Bxe6 fxe6 19. Qg5 Rdb6 20. Ne4 Rf8
21. Re3 Qg7 22. Nxf6+ Rxf6 23. Red3 Rf8 24. c3 h6 25. Qh4 Rf7 26. Qd8+ Qf8 27.
Qxf8+ Kxf8 28. Rd8+ Kg7 29. R1d7 Rc6 30. Kc2 Rxd7 31. Rxd7+ Kf6 32. b4 a6 33.
Kb3 Ke5 34. c4 Kf4 35. c5 e5 36. Kc4 g5 37. Kd5 Rf6 38. Rxc7 g4 39. Re7 gxf3 40.
gxf3 Rf5 41. Kd6 1-0

[Event "23rd Abu Dhabi Masters"]
[Site "Abu Dhabi UAE"]
[Date "2016.08.22"]
[Round "2.23"]
[White "Deshpande, Aniruddha"]
[Black "Sadzikowski, Daniel"]
[Result "0-1"]
[BlackTitle "IM"]
[WhiteElo "2219"]
[BlackElo "2551"]
[WhiteFideId "5021774"]
[BlackFideId "1132253"]
[EventDate "2016.08.21"]

1. e4 e5 2. Nf3 Nc6 3. Bb5 a6 4. Ba4 Nf6 5. O-O Be7 6. d3 b5 7. Bb3 d6 8. a3 Na5
9. Ba2 c5 10. Nc3 Be6 11. Bg5 c4 12. b4 cxb3 13. cxb3 b4 14. axb4 Nc6 15. h3
Nxb4 16. d4 Rc8 17. Bd2 O-O 18. d5 Bd7 19. Bb1 Qb6 20. Na2 Nxa2 21. Rxa2 Bb5 22.
Ba5 Qb7 23. Bd3 Nd7 24. Bxb5 Qxb5 25. Nd2 Rb8 26. Qf3 Rfc8 27. Rb1 Rc5 28. b4
Rcc8 29. Qb3 Bg5 30. Nf3 Bf4 31. g3 Bh6 32. Rc2 Nc5 33. Qc4 Qb7 34. Qe2 g6 35.
Kg2 Na4 36. Rxc8+ Qxc8 37. b5 Qc5 38. Bd2 Bxd2 39. Qxd2 Nc3 40. Re1 axb5 41. Qh6
f6 42. h4 Qa7 43. h5 Qg7 44. Qe3 Na4 45. hxg6 hxg6 46. Rc1 Nc5 47. Nd2 f5 48.
exf5 gxf5 49. Nb3 f4 50. Qf3 fxg3 51. fxg3 Rf8 52. Qe3 Nxb3 53. Qxb3 Qg5 54. Rc2
Qf5 55. Rd2 Qf1+ 56. Kh2 Rf7 0-1

[Event "23rd Abu Dhabi Masters"]
[Site "Abu Dhabi UAE"]
[Date "2016.08.22"]
[Round "2.25"]
[White "Dimarucut, Francis Erwin"]
[Black "Ziska, Helgi Dam"]
[Result "1/2-1/2"]
[BlackTitle "IM"]
[WhiteElo "2172"]
[BlackElo "2546"]
[WhiteFideId "5209277"]
[BlackFideId "7200595"]
[EventDate "2016.08.21"]

1. c4 g6 2. Nc3 Bg7 3. g3 d6 4. Bg2 e5 5. e4 Nc6 6. d3 f5 7. Nge2 Nf6 8. Nd5 O-O
9. Bg5 Ne7 10. Qd2 c6 11. Nxf6+ Bxf6 12. Bxf6 Rxf6 13. d4 fxe4 14. dxe5 Re6 15.
O-O-O Rxe5 16. Qxd6 Qxd6 17. Rxd6 Bg4 18. Re1 Nf5 19. Rd2 e3 20. fxe3 Rxe3 21.
h3 Bxe2 22. Rexe2 Rxg3 23. Rd7 Ne3 24. Rxe3 Rxe3 25. Rxb7 Re6 26. Rc7 Rf8 27.
Bxc6 Re2 28. Ba4 Rf1+ 29. Bd1 Re4 30. Kc2 h5 31. Kd3 Rh4 32. Ke2 Rf7 33. Rc8+
Kg7 34. Bb3 Rxh3 35. c5 Rh2+ 36. Kd3 Rf8 37. Rc7+ Kh6 38. c6 Rxb2 39. Rxa7 h4
40. Re7 h3 41. Re3 h2 42. Rh3+ Kg7 43. Bd5 Rff2 44. c7 Rfd2+ 45. Ke3 Rdc2 46.
Rxh2 Rxa2 47. Ke4 1/2-1/2

[Event "23rd Abu Dhabi Masters"]
[Site "Abu Dhabi UAE"]
[Date "2016.08.22"]
[Round "2.26"]
[White "Manush, Shah"]
[Black "Vishnu Prasanna, V"]
[Result "0-1"]
[BlackTitle "GM"]
[WhiteElo "2151"]
[BlackElo "2512"]
[WhiteFideId "5040680"]
[BlackFideId "5030692"]
[EventDate "2016.08.21"]

1. d4 Nf6 2. c4 g6 3. Nc3 d5 4. Qa4+ Bd7 5. Qb3 dxc4 6. Qxc4 Be6 7. Qd3 Bg7 8.
Nf3 O-O 9. e4 c5 10. d5 Bc8 11. Be2 e6 12. Bg5 h6 13. Be3 exd5 14. exd5 Na6 15.
a3 Qb6 16. Qd2 Re8 17. O-O Bf5 18. Rac1 Rad8 19. Bxa6 Qxa6 20. Bxh6 Qd3 21. Bxg7
Qxd2 22. Nxd2 Kxg7 23. h3 Nxd5 24. Nb3 b6 25. Nxd5 Rxd5 26. Rfe1 Rxe1+ 27. Rxe1
c4 28. Nc1 Rd2 29. b3 c3 30. Kf1 Bc8 31. f3 Ba6+ 32. Kg1 Kf6 33. Kh2 c2 34. Kg3
Kf5 35. Na2 g5 36. Nb4 Be2 37. Na2 a5 38. Nc1 Ba6 39. a4 Rd1 40. Kf2 Kg6 41. Na2
Rd2+ 42. Kg3 f5 43. Rc1 f4+ 44. Kh2 Be2 45. Kg1 Bd1 46. b4 Rd3 47. bxa5 bxa5 48.
Kf2 Ra3 0-1

[Event "23rd Abu Dhabi Masters"]
[Site "Abu Dhabi UAE"]
[Date "2016.08.22"]
[Round "2.27"]
[White "Ly, Moulthun"]
[Black "Das, Sayantan"]
[Result "1-0"]
[WhiteTitle "IM"]
[BlackTitle "IM"]
[WhiteElo "2501"]
[BlackElo "2399"]
[WhiteFideId "3204405"]
[BlackFideId "5034426"]
[EventDate "2016.08.21"]

1. d4 Nf6 2. c4 g6 3. Nc3 Bg7 4. e4 d6 5. h3 O-O 6. Nf3 e5 7. d5 Nh5 8. g3 Na6
9. Be3 f5 10. exf5 gxf5 11. Ng5 Qe8 12. Be2 Nf6 13. Qd2 e4 14. O-O-O h6 15. Ne6
Bxe6 16. dxe6 Kh7 17. g4 Qxe6 18. Rdg1 Rf7 19. Nb5 Nd7 20. gxf5 Qxf5 21. Bg4 Qf6
22. Nc3 Qe5 23. Bxd7 Rxd7 24. Rg4 Nb4 25. Nxe4 c5 26. a3 Nc6 27. Rhg1 Nd4 28.
Kb1 Rf8 29. Qd3 Nf5 30. Qc2 Kh8 31. Bf4 Qe8 32. Qd3 b5 33. cxb5 Qf7 34. Nc3 d5
35. Ne2 c4 36. Qd2 Qe6 37. Ng3 d4 38. Re1 Qd5 39. Qb4 Nxg3 40. Bxg3 c3 41. Be5
c2+ 42. Kc1 Rc8 43. Rxg7 Rxg7 44. Qe7 Qg2 45. Bxd4 Rg8 46. Bxg7+ Rxg7 47. Qe8+
Rg8 48. Qe5+ Rg7 49. Kxc2 Qxh3 50. Rg1 Qc8+ 51. Kb1 Qc7 52. Qe8+ Kh7 53. Qe4+
Kh8 54. Rc1 Qd7 55. Rc6 Rg1+ 56. Ka2 Qf7+ 57. Qe6 Qxe6+ 58. Rxe6 Kh7 59. b6 axb6
60. Rxb6 1-0

[Event "23rd Abu Dhabi Masters"]
[Site "Abu Dhabi UAE"]
[Date "2016.08.22"]
[Round "2.29"]
[White "Melkumyan, Hrant"]
[Black "Ravi, Teja S."]
[Result "1-0"]
[WhiteTitle "GM"]
[BlackTitle "IM"]
[WhiteElo "2650"]
[BlackElo "2387"]
[WhiteFideId "13302485"]
[BlackFideId "5017220"]
[EventDate "2016.08.21"]

1. c4 c6 2. Nf3 d5 3. d4 Nf6 4. Nc3 a6 5. g3 Bf5 6. Bg2 e6 7. Nh4 Bg4 8. h3 Bh5
9. g4 Nfd7 10. gxh5 Qxh4 11. cxd5 exd5 12. e4 dxe4 13. Nxe4 h6 14. O-O Be7 15.
Ng3 O-O 16. Nf5 Qf6 17. Qg4 Kh8 18. Bf4 Rd8 19. Rfe1 Bf8 20. h4 Rc8 21. Re3 Qd8
22. Nxh6 Nf6 23. Nxf7+ Kg8 24. Qg6 Qxd4 25. Be5 Qxh4 26. Rh3 Qc4 27. h6 1-0

[Event "23rd Abu Dhabi Masters"]
[Site "Abu Dhabi UAE"]
[Date "2016.08.22"]
[Round "2.30"]
[White "Gupta, Abhijeet"]
[Black "Tissir, Mohamed"]
[Result "1-0"]
[WhiteTitle "GM"]
[BlackTitle "IM"]
[WhiteElo "2637"]
[BlackElo "2380"]
[WhiteFideId "5010608"]
[BlackFideId "9000240"]
[EventDate "2016.08.21"]

1. d4 Nf6 2. c4 g6 3. Nc3 Bg7 4. e4 O-O 5. f3 c6 6. Be3 d5 7. e5 Nfd7 8. h4 Nb6
9. cxd5 Nxd5 10. Nxd5 Qxd5 11. Ne2 Rd8 12. Nc3 Qa5 13. f4 Be6 14. Kf2 Nd7 15.
Bd3 Nb6 16. Qc2 Bc4 17. Be4 Bd5 18. h5 Bxe4 19. Nxe4 Nd5 20. Nc5 Nxe3 21. Kxe3
b6 22. Nb7 Qd5 23. Nxd8 Rxd8 24. Rhd1 e6 25. hxg6 hxg6 26. a3 Rf8 27. b4 a5 28.
Rac1 axb4 29. axb4 Rc8 30. Rb1 Ra8 31. Ra1 Rc8 32. Qa2 Qd8 33. Qc4 Qh4 34. Kf3
b5 35. Qc3 Bh6 36. Qe3 Bf8 37. Rh1 Qd8 38. g4 Bxb4 39. f5 Qd5+ 40. Kg3 exf5 41.
gxf5 Bf8 42. Rh4 c5 43. Rah1 Bg7 44. f6 1-0

[Event "23rd Abu Dhabi Masters"]
[Site "Abu Dhabi UAE"]
[Date "2016.08.22"]
[Round "2.31"]
[White "Estremera Panos, Sergio"]
[Black "Iturrizaga Bonelli, Eduardo"]
[Result "0-1"]
[WhiteTitle "IM"]
[BlackTitle "GM"]
[WhiteElo "2360"]
[BlackElo "2626"]
[WhiteFideId "2200864"]
[BlackFideId "3901211"]
[EventDate "2016.08.21"]

1. d4 Nf6 2. c4 b6 3. Nc3 Bb7 4. Qc2 d5 5. cxd5 Nxd5 6. e4 Nxc3 7. bxc3 e5 8.
dxe5 Nd7 9. Nf3 Qe7 10. Bf4 O-O-O 11. Bc4 h6 12. O-O g5 13. Bg3 Bg7 14. Rfe1 h5
15. h4 Bxe5 16. Bxe5 Nxe5 17. Nxe5 Qxe5 18. Bxf7 gxh4 19. Bg6 Rhg8 20. Bf5+ Kb8
21. Bh3 Bc8 22. Bxc8 Rxc8 23. Qd3 Rg4 24. Re2 Rcg8 25. f3 Rg3 26. Qd4 Qf4 27.
Qd2 Qxf3 28. Rf1 Qg4 29. Rf4 Qg5 30. e5 h3 31. e6 Kb7 32. Rff2 Qxd2 33. Rxd2 Re3
34. Rde2 Rxe2 35. Rxe2 hxg2 36. e7 Re8 37. Kxg2 Kc6 38. Re5 Kd6 39. Rxh5 Rxe7
40. Kf2 Re4 41. Rh6+ Kc5 42. Rh7 Kc6 43. Rh1 Ra4 0-1

[Event "23rd Abu Dhabi Masters"]
[Site "Abu Dhabi UAE"]
[Date "2016.08.22"]
[Round "2.32"]
[White "Andriasian, Zaven"]
[Black "Laxman, R.R."]
[Result "1/2-1/2"]
[WhiteTitle "GM"]
[BlackTitle "GM"]
[WhiteElo "2621"]
[BlackElo "2374"]
[WhiteFideId "13302000"]
[BlackFideId "5005361"]
[EventDate "2016.08.21"]

1. e4 e5 2. Nf3 Nc6 3. Bc4 Bc5 4. c3 Nf6 5. d3 O-O 6. O-O d5 7. exd5 Nxd5 8. Re1
Bg4 9. Nbd2 Nb6 10. Bb5 Bd6 11. h3 Bd7 12. Nf1 Re8 13. Bg5 f6 14. Be3 a6 15.
Bxc6 Bxc6 16. Bxb6 cxb6 17. Ne3 Bc5 18. d4 exd4 19. cxd4 Bd6 20. Qb3+ Kh8 21. d5
Bd7 22. Nd4 Bc5 23. Rad1 Re4 24. Ne6 Ba4 25. Qc3 Bb4 26. Nxd8 Bxc3 27. bxc3 Rxd8
28. Rd2 Bb5 29. f3 Ree8 30. Kf2 Rc8 31. c4 Bd7 32. d6 Re6 33. Red1 h6 34. Rd4 b5
35. cxb5 axb5 36. R1d2 Rc6 37. g4 Re8 38. Nc2 Kg8 39. Nb4 Rc4 40. Nd5 Rxd4 41.
Rxd4 Kf7 42. Nc7 Re5 43. f4 Rc5 44. Re4 Kf8 45. Ne6+ Bxe6 46. Rxe6 Rd5 47. Ke3
Kf7 48. Re7+ Kf8 49. Rd7 g6 50. Ke4 Rd2 51. g5 hxg5 52. fxg5 fxg5 53. Ke5 Ke8
54. Rxb7 Rxa2 55. Rxb5 Ra3 56. Rb8+ Kd7 57. Rb7+ Kd8 58. Rh7 Ra4 59. Rh8+ Kd7
60. Rh7+ Kd8 61. Kf6 Rh4 62. Kxg6 Rxh7 63. Kxh7 Kd7 64. Kg6 Kxd6 65. Kxg5 Ke7
66. Kg6 Kf8 67. h4 Kg8 68. h5 Kh8 69. h6 Kg8 70. h7+ Kh8 71. Kh6 1/2-1/2

[Event "23rd Abu Dhabi Masters"]
[Site "Abu Dhabi UAE"]
[Date "2016.08.22"]
[Round "2.34"]
[White "Oparin, Grigoriy"]
[Black "Iniyan, P"]
[Result "1-0"]
[WhiteTitle "GM"]
[WhiteElo "2617"]
[BlackElo "2368"]
[WhiteFideId "24125890"]
[BlackFideId "25002767"]
[EventDate "2016.08.21"]

1. d4 Nf6 2. c4 g6 3. Nc3 Bg7 4. e4 d6 5. Nf3 O-O 6. h3 e5 7. d5 Nh5 8. g3 f5 9.
exf5 gxf5 10. Nh4 Nf4 11. Bd2 Na6 12. Qc2 c6 13. a3 Bd7 14. O-O-O cxd5 15. gxf4
Qxh4 16. fxe5 d4 17. Rg1 Kh8 18. e6 Bc6 19. Rxg7 Kxg7 20. Bd3 Qxh3 21. b4 Bf3
22. Rg1+ Kh8 23. Nb5 Qh2 24. Re1 Qxf2 25. Nxd4 Bg4 26. e7 Rfe8 27. Nxf5 1-0

[Event "23rd Abu Dhabi Masters"]
[Site "Abu Dhabi UAE"]
[Date "2016.08.22"]
[Round "2.35"]
[White "Adly, Ahmed"]
[Black "Raja, Harshit"]
[Result "1-0"]
[WhiteTitle "GM"]
[WhiteElo "2603"]
[BlackElo "2354"]
[WhiteFideId "10601619"]
[BlackFideId "5089000"]
[EventDate "2016.08.21"]

1. Nf3 d5 2. g3 g6 3. Bg2 Bg7 4. O-O Nf6 5. c4 c6 6. b3 Ne4 7. d4 O-O 8. Bb2 Bf5
9. Nbd2 Nd7 10. Nh4 Nxd2 11. Qxd2 Be6 12. e4 dxe4 13. Bxe4 Bh3 14. Rfe1 Nc5 15.
Bh1 Ne6 16. d5 cxd5 17. cxd5 Qd6 18. Rad1 Bxb2 19. Qxb2 Rad8 20. Qe2 Nc7 21. Qe3
b6 22. Qh6 Bd7 23. Nf3 f6 24. Nd2 Be8 25. Ne4 Qb4 26. Qf4 Na6 27. d6 f5 28. Ng5
Qxf4 29. gxf4 Rxd6 30. Rxd6 exd6 31. Bd5+ Kg7 32. Re7+ 1-0

[Event "23rd Abu Dhabi Masters"]
[Site "Abu Dhabi UAE"]
[Date "2016.08.22"]
[Round "2.36"]
[White "Azarov, Sergei"]
[Black "Kunal, M."]
[Result "1-0"]
[WhiteTitle "GM"]
[WhiteElo "2581"]
[BlackElo "2302"]
[WhiteFideId "13501470"]
[BlackFideId "5018250"]
[EventDate "2016.08.21"]

1. e4 c6 2. d4 d5 3. e5 Bf5 4. Nf3 e6 5. Be2 Nd7 6. O-O h6 7. Nbd2 Ne7 8. Nb3
Bh7 9. a4 Nf5 10. a5 Be7 11. c4 O-O 12. a6 b6 13. cxd5 cxd5 14. Bb5 Rc8 15. Bf4
g5 16. Bd2 f6 17. Rc1 fxe5 18. dxe5 Bc5 19. Bc3 Qe7 20. Qd2 Ng7 21. Rfe1 Nh5 22.
Nbd4 Bxd4 23. Nxd4 Nc5 24. Bb4 Nf4 25. Rc3 Qf7 26. f3 g4 27. fxg4 Ne4 28. Rxc8
Rxc8 29. Qe3 Ng6 30. Rf1 Qc7 31. Nxe6 Qxe5 32. Bd7 Rc2 33. Qxh6 Nf2 34. Rxf2
Rxf2 35. Kxf2 Qxb2+ 36. Bd2 Qf6+ 37. Nf4 1-0

[Event "23rd Abu Dhabi Masters"]
[Site "Abu Dhabi UAE"]
[Date "2016.08.22"]
[Round "2.37"]
[White "Gopal, G.N."]
[Black "Harikrishnan, A. Ra"]
[Result "1/2-1/2"]
[WhiteTitle "GM"]
[WhiteElo "2565"]
[BlackElo "2280"]
[WhiteFideId "5015693"]
[BlackFideId "5081483"]
[EventDate "2016.08.21"]

1. e4 e6 2. d4 d5 3. Nd2 a6 4. Ngf3 c5 5. dxc5 Bxc5 6. Bd3 Ne7 7. O-O Nbc6 8.
exd5 exd5 9. Nb3 Bd6 10. Re1 O-O 11. c3 Bf5 12. Be3 Qc8 13. h3 Rd8 14. Bb6 Bc7
15. Bxc7 Qxc7 16. Bxf5 Nxf5 17. Qd3 g6 18. Rad1 Qb6 19. Rd2 Rd6 20. Nbd4 Nfxd4
21. Nxd4 Rad8 22. Ree2 Qa5 23. a3 Qb6 24. Qe3 Nxd4 25. Rxd4 Re6 26. Qd2 Rxe2 27.
Qxe2 Qc6 28. Qd2 b5 29. h4 h5 30. g3 Qe6 31. Kg2 Qc6 32. Kh2 Kg7 33. Qd1 Qf6 34.
Kg1 Qc6 35. a4 bxa4 36. c4 Qb6 37. cxd5 Qxb2 38. Rxa4 Rd6 39. Rd4 a5 40. Kg2 Qc3
41. Rd3 Qe5 42. Rd4 a4 43. Qxa4 Rxd5 44. Rf4 Rd6 45. Qb3 Qd5+ 46. Qxd5 Rxd5 47.
Ra4 Rd6 48. Ra7 Kf6 49. Kf3 Kg7 50. Ke4 Re6+ 51. Kf3 Rf6+ 52. Kg2 1/2-1/2

[Event "23rd Abu Dhabi Masters"]
[Site "Abu Dhabi UAE"]
[Date "2016.08.22"]
[Round "2.38"]
[White "Golubov, Saveliy"]
[Black "Severina, Maria"]
[Result "1-0"]
[WhiteTitle "IM"]
[BlackTitle "WIM"]
[WhiteElo "2481"]
[BlackElo "2262"]
[WhiteFideId "24176729"]
[BlackFideId "4116909"]
[EventDate "2016.08.21"]

1. e4 e5 2. Nc3 Nc6 3. Nf3 Nf6 4. g3 Bb4 5. Bg2 Bxc3 6. bxc3 Nxe4 7. Nxe5 Nxe5
8. Bxe4 d5 9. Bg2 Bg4 10. f3 Bf5 11. O-O O-O 12. Rb1 b6 13. f4 Bg4 14. Qe1 Nc4
15. Qf2 c6 16. h3 Bd7 17. d3 Nd6 18. Ba3 Qf6 19. Qd4 Qh6 20. Qe5 c5 21. g4 Bc6
22. g5 Qe6 23. c4 Rfe8 24. cxd5 Qg6 25. Qa1 Bd7 26. Rbe1 Qh5 27. Rxe8+ Rxe8 28.
Re1 Bxh3 29. Rxe8+ Nxe8 30. Qe1 Kf8 31. d6 Nxd6 32. Qe5 Nc8 33. Qc7 f6 34. Qd8+
Kf7 35. Bd5+ Be6 36. Qd7+ Kf8 37. Qxe6 Qd1+ 38. Kf2 Qxc2+ 39. Ke3 1-0

[Event "23rd Abu Dhabi Masters"]
[Site "Abu Dhabi UAE"]
[Date "2016.08.22"]
[Round "2.39"]
[White "Mehar, Chinna Reddy C.H."]
[Black "Fawzy, Adham"]
[Result "0-1"]
[WhiteTitle "FM"]
[BlackTitle "IM"]
[WhiteElo "2373"]
[BlackElo "2440"]
[WhiteFideId "5027420"]
[BlackFideId "10613129"]
[EventDate "2016.08.21"]

1. e4 c5 2. Nf3 Nc6 3. Bb5 g6 4. O-O Bg7 5. Re1 Nf6 6. e5 Nd5 7. Nc3 Nc7 8. Bxc6
dxc6 9. d3 Bg4 10. h3 Bxf3 11. Qxf3 Ne6 12. Qd1 O-O 13. f4 f6 14. exf6 Rxf6 15.
Be3 Nxf4 16. Bxc5 Rf5 17. Be3 Qc7 18. Qd2 Raf8 19. Ne4 Bxb2 20. Rab1 Be5 21.
Bxa7 Nd5 22. c4 b6 23. cxd5 Qxa7 24. dxc6 b5+ 25. Kh1 Bb8 26. Qc2 Qc7 27. g3 Rh5
28. h4 Qc8 29. Kg2 Rxh4 30. Qb3+ Kg7 31. Qc3+ Rf6 32. Rh1 Rxh1 33. Rxh1 Qxc6 34.
Qxc6 Rxc6 35. Rb1 Rb6 36. Rb4 Bd6 37. Nxd6 Rxd6 38. d4 Ra6 39. Rxb5 Rxa2+ 40.
Kf3 Rd2 41. Ke3 Rd1 42. Rb4 h5 43. Ke2 Ra1 44. Kf3 Ra5 45. Rb6 Kf7 46. Rc6 e6
47. Rc3 Kf6 48. Re3 Ra4 49. Re4 Ra3+ 50. Kg2 g5 51. Re2 Rd3 52. Re4 Rd2+ 53. Kf3
g4+ 54. Ke3 Rg2 55. Re5 Rxg3+ 56. Kf2 Rf3+ 57. Kg2 Rf5 58. Re4 Rd5 59. Kg3 Kf5
60. Re1 Rxd4 61. Kh4 Rd3 0-1